Using database management systems in farm management (Record no. 2215)

MARC details
000 -LEADER
fixed length control field 01283cab a2200229 4500
001 - CONTROL NUMBER
control field ABS37299
008 - FIXED-LENGTH DATA ELEMENTS--GENERAL INFORMATION
fixed length control field 090401t1986 xxu||||| |||| 00| 0 eng d
035 ## - SYSTEM CONTROL NUMBER
System control number (Sirsi) u3603
041 ## - LANGUAGE CODE
Language code of text/sound track or separate title eng
100 ## - MAIN ENTRY--PERSONAL NAME
Personal name Williams, N.
245 ## - TITLE STATEMENT
Title Using database management systems in farm management
260 ## - PUBLICATION, DISTRIBUTION, ETC.
Date of publication, distribution, etc. 1986
350 ## - PRICE (NR) (BK AM CF MU VM SE) [OBSOLETE]
Price 0
490 ## - SERIES STATEMENT
Series statement Farm Management
Volume/sequential designation 6 (4) Winter 1986, 183-191 (9)
520 ## - SUMMARY, ETC.
Summary, etc. In this article the author attempts to illustrate the value of database management systems, DBMS , to the agricultural industry. Firstly the author explains what a database actually is, its structure and the ways in which a DBMS differs from a conventional file processing system. The advantages and disadvantages of the computer system are also identified.The author then turns his attention to the capacity of DBMS packages, how to sort and merge data, data input and output and additional functions a database can perform. Consideration is also given to integrated packages and efficient data handling. Concludes with a summary of the main advantages of using a database.
650 ## - SUBJECT ADDED ENTRY--TOPICAL TERM
Topical term or geographic name entry element COMPUTER APPLICATIONS
650 ## - SUBJECT ADDED ENTRY--TOPICAL TERM
Topical term or geographic name entry element SPREADSHEETS
650 ## - SUBJECT ADDED ENTRY--TOPICAL TERM
Topical term or geographic name entry element WORD PROCESSING
690 ## - LOCAL SUBJECT ADDED ENTRY--TOPICAL TERM (OCLC, RLIN)
Topical term or geographic name as entry element MANAGEMENT-BUSINESS MANAGEMENT-INFORMATION MANAGEMENT
942 ## - ADDED ENTRY ELEMENTS (KOHA)
Suppress in OPAC 0
948 ## - LOCAL PROCESSING INFORMATION (OCLC); SERIES PART DESIGNATOR (RLIN)
c (OCLC) 04/03/1997
Holdings
Withdrawn status Lost status Source of classification or shelving scheme Damaged status Not for loan Home library Current library Shelving location Date acquired Total Checkouts Full call number Barcode Date last seen Copy number Price effective from Koha item type
    Dewey Decimal Classification     London London Journal article 14/09/1999   ABS37299 3603-1001 06/08/2019 1 06/08/2019 Journal article